<?xml version="1.0" encoding="UTF-8"?>
<record
    xmlns:xsi="http://www.w3.org/2001/XMLSchema-instance"
    xsi:schemaLocation="http://www.loc.gov/MARC21/slim http://www.loc.gov/standards/marcxml/schema/MARC21slim.xsd"
    xmlns="http://www.loc.gov/MARC21/slim">

  <leader>06029nam a2200385 a 4500</leader>
  <controlfield tag="003">CHAP</controlfield>
  <controlfield tag="005">20260310091207.0</controlfield>
  <controlfield tag="007">ta</controlfield>
  <controlfield tag="008">260310s2026    mx ad||fom||| 001 0 spa d</controlfield>
  <datafield tag="040" ind1=" " ind2=" ">
    <subfield code="e">rda</subfield>
  </datafield>
  <datafield tag="041" ind1=" " ind2=" ">
    <subfield code="a">spa</subfield>
    <subfield code="b">eng</subfield>
  </datafield>
  <datafield tag="100" ind1="1" ind2=" ">
    <subfield code="a">Molina Sandoval, Ernesto Juli&#xE1;n</subfield>
    <subfield code="9">191644</subfield>
  </datafield>
  <datafield tag="240" ind1="1" ind2="0">
    <subfield code="a">Update of the technical training program at the Tec's San Carlos slaughterhouse.</subfield>
    <subfield code="l">Espa&#xF1;ol</subfield>
  </datafield>
  <datafield tag="245" ind1="1" ind2=" ">
    <subfield code="a">Actualizaci&#xF3;n del programa de capacitaci&#xF3;n t&#xE9;cnica en la planta de matanza del Tec. San Carlos / </subfield>
    <subfield code="c">Ernesto Juli&#xE1;n, Molina Sandoval</subfield>
  </datafield>
  <datafield tag="264" ind1=" " ind2=" ">
    <subfield code="a">Chapingo, M&#xE9;xico :</subfield>
    <subfield code="b">El autor,</subfield>
    <subfield code="c">2026</subfield>
  </datafield>
  <datafield tag="300" ind1=" " ind2=" ">
    <subfield code="a">1 recurso en l&#xED;nea ( 63 p&#xE1;ginas) :</subfield>
    <subfield code="b">ilustraciones, tablas, gr&#xE1;ficas</subfield>
  </datafield>
  <datafield tag="336" ind1=" " ind2=" ">
    <subfield code="2">rdacontent</subfield>
    <subfield code="a">texto</subfield>
    <subfield code="b">txt</subfield>
  </datafield>
  <datafield tag="337" ind1=" " ind2=" ">
    <subfield code="2">rdamedia</subfield>
    <subfield code="a">computadora</subfield>
    <subfield code="b">c</subfield>
  </datafield>
  <datafield tag="338" ind1=" " ind2=" ">
    <subfield code="2">rdacarrier</subfield>
    <subfield code="a">recurso en l&#xED;nea</subfield>
    <subfield code="b">cr</subfield>
  </datafield>
  <datafield tag="502" ind1=" " ind2=" ">
    <subfield code="a">Informe de Estancia Preprofesional</subfield>
    <subfield code="b">IA</subfield>
    <subfield code="c">Agroindustrias</subfield>
    <subfield code="d">2026</subfield>
    <subfield code="g">LIC</subfield>
  </datafield>
  <datafield tag="504" ind1=" " ind2=" ">
    <subfield code="a">Bibliograf&#xED;a: p&#xE1;ginas 47-50</subfield>
  </datafield>
  <datafield tag="520" ind1="3" ind2=" ">
    <subfield code="a">La capacitaci&#xF3;n t&#xE9;cnica en plantas de sacrificio constituye un componente esencial para garantizar la inocuidad alimentaria, la higiene operacional y el bienestar animal. El presente informe documenta las actividades realizadas durante la Estancia Pre-Profesional desarrollada en la Planta de Matanza del Instituto Tecnol&#xF3;gico de Costa Rica (TEC), campus San Carlos, del 14 de julio al 17 de octubre de 2025. Donde anteriormente un estudio realizado por alumnos de la Universidad Aut&#xF3;noma Chapingo localiz&#xF3; deficiencias en el programa de formaci&#xF3;n utilizado, destacando la falta de estandarizaci&#xF3;n y brechas significativas de conocimiento en el personal operativo. En respuesta a esta problem&#xE1;tica, el presente proyecto plante&#xF3;, desarroll&#xF3; y evalu&#xF3; una actualizaci&#xF3;n al programa de capacitaci&#xF3;n t&#xE9;cnica mediante un proceso metodol&#xF3;gico estructurado. El estudio adopt&#xF3; un dise&#xF1;o PRE-TEST/POST-TEST con enfoque mixto. La poblaci&#xF3;n estuvo conformada por todos los trabajadores de la planta. Se dise&#xF1;aron tres m&#xF3;dulos de capacitaciones: (I) Buenas Pr&#xE1;cticas de Manufactura (BPM), (II) Procedimientos Est&#xE1;ndar de Saneamiento (SSOP) y (III) Bienestar Animal (B.A.) y Sacrificio Humanitario, cada una acompa&#xF1;ada de instrumentos tipo encuesta para recabar datos de impacto; los resultados se analizaron mediante la prueba no param&#xE9;trica con signo de Wilcoxon, complementada con medidas de tendencia central y tama&#xF1;o del efecto. Los resultados cuantitativos mostraron incrementos significativos en el conocimiento percibido en los tres m&#xF3;dulos, con valores de p &#x2264; 0.035 y tama&#xF1;os del efecto r &#x2265; 0.50, clasificados como grandes. El aumento promedio global fue de +1.01 puntos en una escala de 4.0, equivalente al 35.29% de mejora, complement&#xE1;ndose con los resultados cualitativos que se&#xF1;alaron alta claridad y utilidad del contenido. Se concluye que el programa produjo un impacto positivo, estad&#xED;sticamente significativo y operacionalmente relevante. La intervenci&#xF3;n permiti&#xF3; reducir brechas de conocimiento, homogeneizar criterios t&#xE9;cnicos y fortalecer competencias clave, contribuyendo a la mejora continua y al cumplimiento de los lineamientos normativos nacionales e internacionales aplicables. Palabras clave: Capacitaci&#xF3;n, BPM, SSOP, Limpieza, Desinfecci&#xF3;n, Bienestar Animal, Inocuidad, PRE-TEST, POST-TEST.</subfield>
  </datafield>
  <datafield tag="520" ind1="3" ind2=" ">
    <subfield code="a">Technical training in slaughterhouses is an essential component for ensuring food safety, operational hygiene, and animal welfare. This report documents the activities carried out during the Pre-Professional Internship at the Slaughterhouse of the Costa Rica Institute of Technology (TEC), San Carlos campus, from July 14 to October 17, 2025. A previous study conducted by students from the Autonomous University of Chapingo identified deficiencies in the training program used, highlighting a lack of standardization and significant knowledge gaps among operational staff. In response to this problem, this project proposed, developed, and evaluated an update to the technical training program using a structured methodological process. The study adopted a quasi-experimental pre-test/post-test design with a mixed-methods approach. The population consisted of all plant workers. Three training modules were designed: (I) Good Manufacturing Practices (GMP), (II) Standard Sanitation Procedures (SSOP), and (III) Animal Welfare and Humane Slaughter, each accompanied by survey instruments to collect impact data. The results were analyzed using the Wilcoxon signed-rank test, supplemented with measures of central tendency and effect size. The quantitative results showed significant increases in perceived knowledge in all three modules, with p-values &#x2264; 0.035 and effect sizes r &#x2265; 0.50, classified as large. The overall average increase was +1.01 points on a 4.0 scale, equivalent to a 35.29% improvement. This was complemented by qualitative results that indicated high clarity and usefulness of the content. It is concluded that the program produced a positive, statistically significant, and operationally relevant impact. The intervention helped to reduce knowledge gaps, standardize technical criteria, and strengthen key competencies, contributing to continuous improvement and compliance with applicable national and international regulatory guidelines. Keywords: Training, GMP, SSOP, Cleaning, Disinfection, Animal Welfare, Food Safety, Pre-test, Post-test.</subfield>
  </datafield>
  <datafield tag="650" ind1="1" ind2="3">
    <subfield code="a">Capacitaci&#xF3;n en servicios alimentarios</subfield>
    <subfield code="2">atg</subfield>
    <subfield code="9">191645</subfield>
  </datafield>
  <datafield tag="650" ind1="1" ind2="3">
    <subfield code="a">Educaci&#xF3;n sobre inocuidad alimentaria</subfield>
    <subfield code="2">atg</subfield>
    <subfield code="9">189775</subfield>
  </datafield>
  <datafield tag="650" ind1="1" ind2="3">
    <subfield code="a">Entrenamiento laboral  </subfield>
    <subfield code="2">atg</subfield>
    <subfield code="9">148735</subfield>
  </datafield>
  <datafield tag="650" ind1="1" ind2="3">
    <subfield code="a">Food service training</subfield>
    <subfield code="2">atg</subfield>
    <subfield code="9">191646</subfield>
  </datafield>
  <datafield tag="650" ind1="1" ind2="3">
    <subfield code="a">Food safety education</subfield>
    <subfield code="2">atg</subfield>
    <subfield code="9">189776</subfield>
  </datafield>
  <datafield tag="650" ind1="1" ind2="3">
    <subfield code="a">Job training</subfield>
    <subfield code="2">atg</subfield>
    <subfield code="9">148736</subfield>
  </datafield>
  <datafield tag="700" ind1="1" ind2=" ">
    <subfield code="a">Ponce Hern&#xE1;ndez, Pedro</subfield>
    <subfield code="9">147918</subfield>
    <subfield code="e">director</subfield>
  </datafield>
  <datafield tag="700" ind1="1" ind2=" ">
    <subfield code="a">Mart&#xED;nez Mosqueda, Francisco</subfield>
    <subfield code="9">148600</subfield>
    <subfield code="e">asesor</subfield>
  </datafield>
  <datafield tag="700" ind1="1" ind2=" ">
    <subfield code="a">&#xC1;lvarez Moreno, Carlos Enrique</subfield>
    <subfield code="9">187445</subfield>
    <subfield code="e">asesor</subfield>
  </datafield>
  <datafield tag="856" ind1="4" ind2="0">
    <subfield code="u">http://10.13.5.2/tesis/t?/archivo.pdf</subfield>
    <subfield code="z">DESCARGAR PDF</subfield>
  </datafield>
  <datafield tag="942" ind1=" " ind2=" ">
    <subfield code="2">Clasificaci&#xF3;n Universidad Aut&#xF3;noma Chapingo</subfield>
    <subfield code="c">TD</subfield>
  </datafield>
  <datafield tag="999" ind1=" " ind2=" ">
    <subfield code="c">233148</subfield>
    <subfield code="d">233148</subfield>
  </datafield>
  <datafield tag="952" ind1=" " ind2=" ">
    <subfield code="0">0</subfield>
    <subfield code="1">0</subfield>
    <subfield code="2">local</subfield>
    <subfield code="4">0</subfield>
    <subfield code="7">0</subfield>
    <subfield code="8">TesDigL</subfield>
    <subfield code="a">IA_</subfield>
    <subfield code="b">IA_</subfield>
    <subfield code="c">E_L</subfield>
    <subfield code="d">2026-03-10</subfield>
    <subfield code="e">El autor</subfield>
    <subfield code="l">0</subfield>
    <subfield code="p">1201016428</subfield>
    <subfield code="r">2026-03-10 09:09:21</subfield>
    <subfield code="w">2026-03-10</subfield>
    <subfield code="y">TD</subfield>
  </datafield>
</record>
